| 000 | aam a22 a 4500 | ||
|---|---|---|---|
| 999 |
_c323239 _d323239 |
||
| 003 | BLK | ||
| 005 | 20230302143949.0 | ||
| 008 | 180709b bul||||| |||| 00| 0 bul d | ||
| 020 | _a978-619-7392-07-4 | ||
| 040 | _aBLK | ||
| 041 |
_aBUL _cBUL |
||
| 080 |
_aКласическа гръцка литература. Старогръцка литература _b821.142 _x-96 _z821.142-96 |
||
| 100 |
_aПлутарх _eпърви автор _91299 |
||
| 139 |
_aПлутарх _bП 61 |
||
| 245 |
_aНравствени съчинения _bЗабележителни дела и думи _cПлутарх ; прев. от старогр. Петя Янева, Виолета Герджикова. |
||
| 260 |
_aСофия _bЕРГО _c2017 _9212573 _f(София : Дайрект Сървисиз) _n978-954-92279- ; 978-954-8689- ; 954-8918- |
||
| 300 |
_a255 с. _c22 см |
||
| 380 | _aX | ||
| 490 |
_9207704 _aLibri legendi |
||
| 500 | _aПрев. по: Plutarch's moralia in fifteen volumes. V. 3. - За преводачите: с. 252-253 | ||
| 700 |
_9966 _aЯнева, Петя Запрянова _eпрев. |
||
| 700 |
_9966 _aГерджикова, Виолета Петрова _eпрев. |
||
| 852 |
_aЦб 289473 _bЦб |
||
| 942 |
_cKNG _2udc _n0 _s1 _07 |
||
| 944 |
_aED _c2020-08-12 _kГГГ |
||
| 999 | _d323239 | ||
| 999 | _d323239 | ||
| 999 | _d323239 | ||